| 000 | 01057cam a2200133 4500500 | ||
|---|---|---|---|
| 005 | 20260405085458.0 | ||
| 041 | _afre | ||
| 042 | _adc | ||
| 100 | 1 | 0 |
_aGrataloup, Christian _eauthor |
| 245 | 0 | 0 | _aCabinet de curiosités de l'histoire du Monde |
| 260 |
_bArmand Colin,
_c2020. |
||
| 520 | _aCes petites chroniques racontent chacune, à partir d’un objet, d’un événement, d’un personnage, l’histoire du monde. L’auteur, spécialiste de la « géo-histoire », nous fait découvrir son « cabinet de curiosités » qui nous entraîne dans tous les coins du monde et à toutes les époques. Des origines de l’or au chas d’une aiguille, de l’importation de la syphilis en Europe par Christophe Colomb, des pérégrinations barbaresques aux différences entre brousse, jungle et maquis, c’est tout un pan de l’histoire universelle d’une richesse insoupçonnée que nous découvrons ainsi. | ||
| 856 | 4 | 1 | _uhttps://shs.cairn.info/cabinet-de-curiosites-de-l-histoire-du-monde--9782200628895?lang=fr&redirect-ssocas=7080 |
| 999 |
_c2197913 _d2197913 |
||